<?xml version="1.0" encoding="UTF-8"?><?xml-stylesheet type="text/xsl" href="static/style.xsl"?><OAI-PMH xmlns="http://www.openarchives.org/OAI/2.0/" xmlns:xsi="http://www.w3.org/2001/XMLSchema-instance" xsi:schemaLocation="http://www.openarchives.org/OAI/2.0/ http://www.openarchives.org/OAI/2.0/OAI-PMH.xsd"><responseDate>2026-06-07T07:42:07Z</responseDate><request verb="GetRecord" identifier="oai:riuma.uma.es:10630/34198" metadataPrefix="marc">https://riuma.uma.es/rest/oai/request</request><GetRecord><record><header><identifier>oai:riuma.uma.es:10630/34198</identifier><datestamp>2026-02-03T11:36:28Z</datestamp><setSpec>com_10630_2254</setSpec><setSpec>col_10630_37953</setSpec></header><metadata><record xmlns="http://www.loc.gov/MARC21/slim" xmlns:dcterms="http://purl.org/dc/terms/" xmlns:doc="http://www.lyncode.com/xoai" xmlns:xsi="http://www.w3.org/2001/XMLSchema-instance" xsi:schemaLocation="http://www.loc.gov/MARC21/slim http://www.loc.gov/standards/marcxml/schema/MARC21slim.xsd">
   <leader>00925njm 22002777a 4500</leader>
   <datafield ind2=" " ind1=" " tag="042">
      <subfield code="a">dc</subfield>
   </datafield>
   <datafield ind2=" " ind1=" " tag="720">
      <subfield code="a">Carmichael, Andrew</subfield>
      <subfield code="e">author</subfield>
   </datafield>
   <datafield ind2=" " ind1=" " tag="720">
      <subfield code="a">Villalba-Romero, Felix</subfield>
      <subfield code="e">author</subfield>
   </datafield>
   <datafield ind2=" " ind1=" " tag="720">
      <subfield code="a">Liyanage, Champika</subfield>
      <subfield code="e">author</subfield>
   </datafield>
   <datafield ind2=" " ind1=" " tag="260">
      <subfield code="c">2022</subfield>
   </datafield>
   <datafield ind2=" " ind1=" " tag="520">
      <subfield code="a">The displacement of people, caused by disasters, conflicts, and oppression, is a growing&#xd;
global problem, placing significant burdens on both the displaced and their hosts. The built envi‐&#xd;
ronment is key to providing essential support and a sustainable future for these communities. This&#xd;
paper describes an audit of the competencies identified in built environment professional documen‐&#xd;
tation and its mapping against the competencies determined as being relevant to rebuilding after&#xd;
displacement. Following a step‐by‐step methodology, an analysis of the built environment sector of&#xd;
four nations enables the identification of the current state of professional competencies through an&#xd;
in‐depth review of their published standards. These results are compared with a framework of&#xd;
standards that would maximise the potential of the sector in offering support. It is also identified&#xd;
where there is alignment between existing and ideal competencies, and where there are gaps in&#xd;
provision. Finally, a criticality analysis offers both sector‐wide and professional role review. This&#xd;
could help direct the efforts of policy makers, education providers, and the sector itself towards the&#xd;
most effective responses to displacement challenges</subfield>
   </datafield>
   <datafield ind1="8" ind2=" " tag="024">
      <subfield code="a">Carmichael, A., Villalba-Romero, F., &amp; Liyanage, C. (2022). Rebuilding after Displacement: A Skills Competency Audit of Built Environment Professional Documentation. Sustainability, 14(23), 15930.</subfield>
   </datafield>
   <datafield ind1="8" ind2=" " tag="024">
      <subfield code="a">https://hdl.handle.net/10630/34198</subfield>
   </datafield>
   <datafield ind1="8" ind2=" " tag="024">
      <subfield code="a">10.3390/su142315930</subfield>
   </datafield>
   <datafield tag="653" ind2=" " ind1=" ">
      <subfield code="a">Edificios - Reconstrucción y reparación - Auditoría</subfield>
   </datafield>
   <datafield ind2="0" ind1="0" tag="245">
      <subfield code="a">Rebuilding after Displacement: A Skills Competency Audit of Built Environment Professional Documentation</subfield>
   </datafield>
</record>
</metadata></record></GetRecord></OAI-PMH>